Tales of Tenali Raman (Record no. 14484)
[ view plain ]
| 000 -LEADER | |
|---|---|
| fixed length control field | 01408ngm a22002777a 4500 |
| 005 - DATE AND TIME OF LATEST TRANSACTION | |
| control field | 20080708143856.0 |
| 007 - PHYSICAL DESCRIPTION FIXED FIELD--GENERAL INFORMATION | |
| fixed length control field | cd |
| 008 - FIXED-LENGTH DATA ELEMENTS--GENERAL INFORMATION | |
| fixed length control field | 080708t xxu||||| |||| 00| 0 eng d |
| 010 ## - LIBRARY OF CONGRESS CONTROL NUMBER | |
| LC control number | DVD-000100-102 |
| 024 ## - OTHER STANDARD IDENTIFIER | |
| Terms of availability | Rs.99.00 |
| 037 ## - SOURCE OF ACQUISITION | |
| Stock number | 0173/ 12-05-08 |
| 040 ## - CATALOGING SOURCE | |
| Original cataloging agency | Dpl |
| 082 ## - DEWEY DECIMAL CLASSIFICATION NUMBER | |
| Classification number | CD / TALE |
| 245 ## - TITLE STATEMENT | |
| Title | Tales of Tenali Raman |
| Statement of responsibility, etc | Produced and Published by Vision Interactive Systems |
| Medium | CD-Rom |
| 260 ## - PUBLICATION, DISTRIBUTION, ETC. (IMPRINT) | |
| Place of publication, distribution, etc | Banglore |
| Name of publisher, distributor, etc | Vision Interactive Systems |
| Date of publication, distribution, etc | 2008 |
| 300 ## - PHYSICAL DESCRIPTION | |
| Extent | 1 Videodisc (CD) |
| 440 ## - SERIES STATEMENT/ADDED ENTRY--TITLE | |
| Title | Buzzers Series |
| 500 ## - GENERAL NOTE | |
| General note | 10 Animataed Stories |
| 538 ## - SYSTEM DETAILS NOTE | |
| System details note | Minimus system reauirements: P-III & above, 256 MB RAM, CD-Rom Drive, Windows XP/2000/MW/NT, 256 Color VGA Display |
| 650 ## - SUBJECT ADDED ENTRY--TOPICAL TERM | |
| Source of heading or term | Animataed Stories |
| 942 ## - ADDED ENTRY ELEMENTS (KOHA) | |
| Koha item type | CD-ROMs, DVDs, VHS |
| Classification part | CD / TALE |
| Source of classification or shelving scheme | Dewey Decimal Classification |
| Withdrawn status | Lost status | Source of classification or shelving scheme | Damaged status | Not for loan | Home library | Current library | Date acquired | Cost, normal purchase price | Total Checkouts | Total Renewals | Full call number | Barcode | Date last seen | Date checked out | Cost, replacement price | Price effective from | Koha item type |
|---|---|---|---|---|---|---|---|---|---|---|---|---|---|---|---|---|---|
| Dewey Decimal Classification | Central Library | Central Library | 17/07/2008 | 99.00 | 10 | 1 | CD / TALE | DVD-000100 | 06/04/2009 | 01/04/2009 | 99.00 | 15/09/2008 | CD-ROMs, DVDs, VHS | ||||
| Dewey Decimal Classification | Patel Nagar | Patel Nagar | 17/07/2008 | 99.00 | 18 | CD / TALE | DVD-000102 | 08/08/2011 | 01/08/2011 | 99.00 | 15/09/2008 | CD-ROMs, DVDs, VHS | |||||
| Dewey Decimal Classification | Sarojini Nagar | Sarojini Nagar | 17/07/2008 | 99.00 | 12 | 2 | CD / TALE | DVD-000101 | 14/01/2012 | 31/12/2011 | 99.00 | 15/09/2008 | CD-ROMs, DVDs, VHS |
